| 000 | 01113cam a2200337 a 4500 | ||
|---|---|---|---|
| 001 | 35151199 | ||
| 003 | OSt | ||
| 005 | 20250922063411.0 | ||
| 008 | 960724t19971997nyu 000 1 eng | ||
| 010 | _a96030745 //r97 | ||
| 020 | _a0786862580 | ||
| 035 | _a(OCoLC)ocm35151199 | ||
| 040 |
_aDLC _beng _cDLC _dCOF |
||
| 043 | _an-us-tx | ||
| 100 | 1 |
_aBurke, James Lee, _d1936- _0(DLC)n 85019637. |
|
| 245 | 1 | 0 |
_aCimarron rose / _ca novel by James Lee Burke. |
| 264 | 1 |
_aNew York : _bHyperion, _c[1997] |
|
| 264 | 4 | _c℗♭1997. | |
| 300 |
_a288 pages ; _c25 cm. |
||
| 336 |
_atext _btxt _2rdacontent. |
||
| 337 |
_aunmediated _bn _2rdamedia. |
||
| 338 |
_avolume _bnc _2rdacarrier. |
||
| 650 | 0 |
_aTrials (Murder) _zTexas _vFiction. _0(DLC)sh 85137369 _0(DLC)n 80129616 _0(DLC)sh 99001562. |
|
| 650 | 0 |
_aTeenage boys _zTexas _vFiction. _0(DLC)sh 85000954 _0(DLC)n 80129616 _0(DLC)sh 99001562. |
|
| 651 | 0 |
_aTexas _vFiction. _0(DLC)sh2008112693. |
|
| 655 | 7 |
_aFiction. _2fast _0(OCoLC)fst01423787. |
|
| 655 | 7 |
_aLegal stories. _2gsafd. |
|
| 655 | 7 |
_aMystery fiction. _2gsafd. |
|
| 907 | _a.b168955970 | ||
| 942 | _cBK | ||
| 999 |
_c31145 _d31143 |
||